Repensando Malvinas : una causa nacional /
Guardado en:
| Autor Principal: | |
|---|---|
| Formato: | Libro |
| Idioma: | Spanish |
| Publicado: |
Buenos Aires :
El Ateneo,
2016.
|
| Edición: | 1º ed. |
| Etiquetas: |
Agregar Etiqueta
Sin Etiquetas, Sea el primero en etiquetar este registro!
|
| LEADER | 01449nam a22001575a 4500 | ||
|---|---|---|---|
| 001 | DER.der013714 | ||
| 005 | 20190919141225.0 | ||
| 008 | 180917s2016####ag############000#0#spa#d | ||
| 020 | |a 9789500298827 | ||
| 100 | 1 | |a Archibaldo Lanús, Juan. | |
| 245 | 1 | 0 | |a Repensando Malvinas : |b una causa nacional / |c Juan Archibaldo Lanús. |
| 250 | |a 1º ed. | ||
| 260 | |a Buenos Aires : |b El Ateneo, |c 2016. | ||
| 300 | |a 510 p. ; |c 23 cm. | ||
| 505 | 0 | |a Bibliografía: p. [501]-510. |g Presentación / Juan Archibaldo Lanús - Primera pte.: Malvinas a partir de la Segunda Guerra Mundial: 1945-1982 /Juan Archibaldo Lanús - Las negociaciones bilaterales y el rol del grupo de presión de las Islas Malvinas / Virginia Gamba - Política y diplomacia durante el episodio Davidoff y el conflicto armado del Atlántico Sur /Jorge Hugo Herrera Vegas - Reafirmación de principios: 1983-1988 / Martín García Moritán -Política de reconciliación: 1989-1999/Rogelio Pfirter - Política y diplomacia en la disputa de soberanía del Atlántico Sur: 2000-2015 / Miguel Ángel Barrios, Fabián Lavallén Ranea - Una causa nacional en un mundo complejo / Juan Archibaldo Lanús - Segunda pte.: El Atlántico Sur como escenario estratégico / Julio A. Hang, Alberto E. Dojas - Atlántico Sur: consideraciones científicas y de sus recursos / Javier Armando Valladares -La búsqueda de hidrocarburos costa afuera de las Islas Malvinas /Alejandro R. Luppi. | |
| 859 | |a DERECHO |b BIB. DERECHO |p 009353 | ||
